00550nam a2200193 a 4500001001300000003000900013005001700022008004100039020001000080082001800090100001900108245008100127260005100208300000900259500003500268505001400303650002000317700001900337nice12345678IN_TiNIC20260116011343.0050524s1958 newa grp 000 0 eng  ac10000a297.0959bBEN aBenda, Harry J aCrescent and the Rising Sunb Indonesian Islam Under the Japanese Occupation aNew YorkbInstitute of Pacific Relationsc1958 a320p aincludes index and biblioraphy2 a1942-1945 aIslam-Indonesia1 aBenda, Harry J